000 00533nam a22001697a 4500
008 240411b |||||||| |||| 00| 0 eng d
020 _a0-02-874112-9
050 _aHD 30.28 .D33 1995
100 _aD'AVENI,RICHARD A.
245 _aHYPERCOMPETITIVE RIVALRIES
_bCOMPETING IN HIGHLY DYNAMIC ENVIRONMENTS
260 _aNEW YORK
_bTHE FREE PRESS
_c1995
300 _axv,269P.
500 _aINCLUDES BIBLIOGRAPHICAL REFERENCES AND INDEX
650 _aSTRATEGIC PLANNING:COMPETITION
700 _aGUNTHER,ROBERT
942 _2lcc
_cBK
999 _c209799
_d209799